First 100 words of The Return of the King - Statistics

General Stats
  • This quiz has been taken 469 times
  • The average score is 47 of 100
Answer Stats
Answer % Correct
the
99%
The
99%
He
85%
he
85%
and
84%
in
81%
to
80%
was
77%
of
73%
his
64%
so
62%
There
61%
had
60%
from
59%
could
55%
but
51%
if
51%
Pippin
51%
where
51%
see
49%
or
48%
been
46%
their
42%
dark
39%
looked
39%
out
39%
by
37%
long
33%
which
32%
cloak.
28%
first
27%
sky
27%
nothing
26%
right
26%
wondered
26%
dream
25%
Gandalf's
24%
mountains
24%
ride
24%
wind
24%
away
23%
sleeping,
22%
still
21%
journey,
20%
stars,
20%
awake
19%
since
19%
South
19%
times
17%
world
17%
began.
16%
ears.
16%
great
16%
tried
16%
past.
15%
shadows
15%
shelter
15%
against
13%
memory
13%
drowsy
12%
loudly
12%
sang
12%
vast
12%
wheeling
12%
marched
11%
reckon
11%
rushing
11%
swift-moving
11%
uncertain.
11%
wrapped
11%
Sleepily
10%
stages
10%
No matching quizzes found
Score Distribution
Percent of People with Each Score
Percentile by Number Answered
Your Score History
You have not taken this quiz